000
00305nam a2200109Ia 4500
008
171211s9999 xx 000 0 und d
245
_a
Leadership Chronicles of a Corporate Sage
245
_c
Susan Bethanis
260
_c
2004
650
_x
BUSINESS
856
_u
http://down.ebook777.com/063/079318603X.pdf
999
_c
349470
_d
349470